Memorias encontradas en una bañera /
Guardado en:
| Autor Principal: | |
|---|---|
| Formato: | Libro |
| Publicado: |
Barcelona :
Bruguera,
1977
|
| Materias: | |
| Etiquetas: |
Agregar Etiqueta
Sin Etiquetas, Sea el primero en etiquetar este registro!
|
| LEADER | 00553nam a22002055a 4500 | ||
|---|---|---|---|
| 001 | CEM.cems014680 | ||
| 008 | 130507s1977##################000#0#####d | ||
| 005 | 20210805160300.0 | ||
| 003 | CEMS | ||
| 245 | 1 | 0 | |a Memorias encontradas en una bañera / |c Stanislaw Lem |
| 260 | |a Barcelona : |b Bruguera, |c 1977 | ||
| 300 | |a 145 p. | ||
| 590 | |a 1304.016 | ||
| 020 | |a 8402053920 | ||
| 100 | 1 | |a Lem, Stanislaw | |
| 653 | |a Literatura | ||
| 653 | |a Literatura polaca | ||
| 653 | |a Novelas | ||
| 653 | |a Biblioteca TC | ||
| 859 | |a CEMS |b BIB. CEMS - 11 de abril |h TC |p 1304.016 |t Ej.1 | ||
